Vista normal
Vista MARC
Entrada Nombre personal
Número de registros utilizados en: 13
001 - NÚMERO DE CONTROL
- Campo de control: 19096
003 - IDENTIFICADOR DE NÚMERO DE CONTROL
- Campo de control: ES-MaCES
005 - FECHA Y HORA DE LA ULTIMA MODIFICACION
- Campo de control: 20140820134345.0
008 - ELEMENTOS DE DATOS DE LONGITUD FIJA
- Campo de longitud fija: 010726 | azznnaabn || aaa d
035 ## - NÚMERO DE CONTROL DEL SISTEMA
- Número de control del sistema: CES20010007175n
040 ## - FUENTE DE LA CATALOGACIÓN
- Agencia original de catalogación: ES-MaCES
- Idioma de catalogación: spa
- Agencia de transcripción: ES-MaCES
100 1# - ENCABEZAMIENTO--NOMBRE DE PERSONA
- Nombre personal: Moreno Fernández, Luis
400 1# - TRAZADO VEÁSE--NOMBRE DE PERSONA
- Nombre personal: Moreno, Luis
670 ## - FUENTE DE DATOS ENCONTRADOS
- Fuente de citación: CD del CES, no siguiendo criterios de la BN
901 ## - CES. DATOS SIRTEX
- ID Sirtex (N5N8): 0001500011671
- 005BIS Sirtex: 200107261410ALORITE

